000 00770nam a2200289Ia 4500
005 20260324142104.0
008 008 260324s9999 xx 000 0 eng d
020 _a9780203043981
037 _aEBOOK
040 _aCRL
040 _beng
040 _cCRL
041 _2eng
041 _aeng
084 _qCRL
100 _aAsher Susser; Uriel Dann; Asher Susser; Aryeh Shmuelevitz; Aryeh Shmuelevitz
_91210643
245 4 _aThe Hashemites in the Modern Arab World
245 0 _bEssays in Honour of the late Professor Uriel Dann
260 _bTaylor and Francis
260 _c1995
365 _a
365 _b230
856 _uhttp://www.taylorfrancis.com/books/9780203043981
942 _cEBOOK
999 _c1814431
_d1814431